000 00626cam a2200217 4500
001 sa 68012150
003 DLC
005 20260227112607.0
008 691105s1968 ii 000 0 eng
010 _asa 68012150
025 _aPL480:I-E-10529
040 _aDLC
_cDLC
_dDLC
050 0 0 _aHD3538
_b.S5
082 0 0 _a334/.0954
100 1 _aSinha, B. K.,
_d1930-
245 1 0 _aCo-operatives in India
_c[by] B. K. Sinha.
260 _aNew Delhi,
_bCommittee for Co-operative Training, National Co-operative Union of India,
_c1968.
300 _ax, 261 p.
_bport.
_c23 cm.
350 _a7.50
650 0 _aCooperation
_zIndia.
999 _c84337
_d84337